Technische Mechanik

Библиографические подробности
Главный автор: Hauger W. Werner
Другие авторы: Schnell W. Walter, Gross D. Dietmar
Язык:немецкий
Опубликовано: Berlin, Springer-Verlag, 1989
Издание:Dritte auflage
Предметы:
Формат: Книга
Запись в KOHA:https://koha.lib.tpu.ru/cgi-bin/koha/opac-detail.pl?biblionumber=160667

MARC

LEADER 00000nam0a2200000 4500
001 160667
005 20231031155631.0
010 |a 3540530193 
035 |a (RuTPU)RU\TPU\book\174247 
035 |a RU\TPU\book\174242 
090 |a 160667 
100 |a 20090526d1989 km y0rusy50 ca 
101 0 |a ger 
102 |a DE 
105 |a a z 001zy 
200 1 |a Technische Mechanik  |v Band 3: Kinetik  |f W. Hauger, W. Schnell, D. Gross 
205 |a Dritte auflage 
210 |a Berlin  |c Springer-Verlag  |d 1989 
215 |a 256 с.  |c il. 
320 |a Sachverzeichnis: p. 253-256. 
610 1 |a физика 
610 1 |a механика 
610 1 |a техника 
610 1 |a техническая механика 
610 1 |a кинетика 
610 1 |a теория 
610 1 |a законы 
610 1 |a применение 
610 1 |a немецкий язык 
675 |a 621.01:531  |v 3 
675 |a 531.2  |v 3 
700 1 |a Hauger  |b W.  |g Werner 
701 1 |a Schnell  |b W.  |g Walter 
701 1 |a Gross  |b D.  |g Dietmar 
801 1 |a RU  |b 63413507  |c 20090526  |g PSBO 
801 2 |a RU  |b 63413507  |c 20100302  |g PSBO 
942 |c BK